God's secretaries : (Record no. 111)

000 -LEADER
fixed length control field 01359cam a2200373 a 4500
001 - CONTROL NUMBER
control field 13308137
003 - CONTROL NUMBER IDENTIFIER
control field OSt
005 - DATE AND TIME OF LATEST TRANSACTION
control field 20210416053018.0
008 - FIXED-LENGTH DATA ELEMENTS--GENERAL INFORMATION
fixed length control field 030811r2003 nyua b 001 0 eng d
010 ## - LIBRARY OF CONGRESS CONTROL NUMBER
LC control number 2004351212
020 ## - INTERNATIONAL STANDARD BOOK NUMBER
International Standard Book Number 0060185163 (alk. paper)
035 ## - SYSTEM CONTROL NUMBER
System control number (OCoLC)ocm52142251
040 ## - CATALOGING SOURCE
Original cataloging agency VVW
Transcribing agency VVW
Modifying agency OMP
-- SRB
-- OCLCQ
-- NGU
-- DLC
042 ## - AUTHENTICATION CODE
Authentication code lccopycat
043 ## - GEOGRAPHIC AREA CODE
Geographic area code e-uk---
050 00 - LIBRARY OF CONGRESS CALL NUMBER
Classification number BS186
Item number .N53 2003
080 ## - UNIVERSAL DECIMAL CLASSIFICATION NUMBER
Universal Decimal Classification number 94
Item number N-59
082 00 - DEWEY DECIMAL CLASSIFICATION NUMBER
Classification number 220.5/2038
Edition number 22
100 1# - MAIN ENTRY--PERSONAL NAME
Personal name Nicolson, Adam,
Dates associated with a name 1957-
240 10 - UNIFORM TITLE
Uniform title Power and glory
245 10 - TITLE STATEMENT
Title God's secretaries :
Remainder of title the making of the King James Bible /
Statement of responsibility, etc. Adam Nicolson.
250 ## - EDITION STATEMENT
Edition statement 1st ed.
260 ## - PUBLICATION, DISTRIBUTION, ETC.
Place of publication, distribution, etc. New York :
Name of publisher, distributor, etc. HarperCollins,
Date of publication, distribution, etc. c2003.
300 ## - PHYSICAL DESCRIPTION
Extent xiv, 280 p. :
Other physical details ill. ;
Dimensions 24 cm.
365 ## - TRADE PRICE
Price amount 24.95 usd
500 ## - GENERAL NOTE
General note Originally published: Power and glory. Great Britain : HarperCollins, 2003.
504 ## - BIBLIOGRAPHY, ETC. NOTE
Bibliography, etc. note Includes bibliographical references (p. 265-271) and index.
630 00 - SUBJECT ADDED ENTRY--UNIFORM TITLE
Uniform title Bible.
Language of a work English.
Version Authorized
General subdivision History.
700 ## - ADDED ENTRY--PERSONAL NAME
9 (RLIN) 43
Personal name Nicolson, Adam
856 42 - ELECTRONIC LOCATION AND ACCESS
Materials specified Publisher description
Uniform Resource Identifier <a href="http://www.loc.gov/catdir/enhancements/fy0645/2004351212-d.html">http://www.loc.gov/catdir/enhancements/fy0645/2004351212-d.html</a>
906 ## - LOCAL DATA ELEMENT F, LDF (RLIN)
a 7
b cbc
c copycat
d 2
e ncip
f 20
g y-gencatlg
942 ## - ADDED ENTRY ELEMENTS (KOHA)
Source of classification or shelving scheme
Koha item type Books
Holdings
Withdrawn status Lost status Source of classification or shelving scheme Damaged status Not for loan Permanent location Current location Date acquired Inventory number Full call number Barcode Date last seen Price effective from Koha item type Total Checkouts
          Ken Walker International University Ken Walker International University 11/11/2020 303 94 N-59 303 11/11/2020 11/11/2020 Books  
          Ken Walker International University Ken Walker International University 12/22/2020 2341 94 N-59 2341 12/22/2020 12/22/2020 Books  

Powered by Koha